000 00318 a2200133 4500
000 nam a22 7a 4500
005 20260429121945.0
020 _a9789390727506
100 _aAbraham Silberschatz
_91235977
245 _aDatabase System Concepts
250 _a7th
260 _bMCGRAW HILL
_c2025
942 _cTEXL
999 _c1848634
_d1848634